| 000 | 00551nam a2200157 a 4500 | ||
|---|---|---|---|
| 008 | 120416s1984 ||||||||||||||||| || u | ||
| 050 | _aHF 5415.13 Hut | ||
| 100 | _aHutt, Michael D | ||
| 245 | 1 | 0 | _aIndustrial marketing management |
| 246 | _aa strategic view of business markets | ||
| 250 | _a2nd. ed. | ||
| 260 |
_aChicago _bDryden Press _c1984 |
||
| 300 | _axxiv, 632p. : ill. | ||
| 350 | _a0.00 | ||
| 995 |
_D0.00 _FCBU-MAIN LIBRARY (Kitwe) _H1 _I16.95 _UDAMAGED _ZMain Library Open Access Collection |
||
| 999 |
_c46734 _d46734 |
||